Normal view MARC view

Entry Personal Name

Number of records used in: 1

001 - CONTROL NUMBER

  • control field: 54892

003 - CONTROL NUMBER IDENTIFIER

  • control field: OSt

005 - DATE AND TIME OF LATEST TRANSACTION

  • control field: 20241004153726.0

008 - FIXED-LENGTH DATA ELEMENTS

  • fixed length control field: 241004|| aca||aabn | a|a d

040 ## - CATALOGING SOURCE

  • Original cataloging agency: OSt
  • Transcribing agency: OSt

100 ## - HEADING--PERSONAL NAME

  • Personal name: မမစိန်၊ ဒေ်

670 ## - SOURCE DATA FOUND

  • Source citation: Work cat.: (OSt)16741: မမစိန်၊ ဒေ်, ဓါတ်ပေါင်းစုံ ဆရာတော်ဘဒ္ဒန္တသီလဝန္တ၏ ထေရုပ္ပတ္တိအကျဉ်းနှင့်မြန်မာနှင့်ကမ္ဘာတွင် ဗုဒ္ဓသာသနာထွန်းကားပြန့်ပွားရေး ဆောင်ရွက်ခြင်းလုပ်ငန်းများ /, ၁၉၉၄။

Library - 09407999929
Admin Office - 09407999979
Dean Office - 09250910768
Registrar Office - 09892297154
Email - [email protected]
Shan State Buddhist University, Phaya Phyu Taunggyi, Shan State, Myanmar.